| 000 | 00443nam a2200169Ia 4500 | ||
|---|---|---|---|
| 008 | 210719s1993 xx 000 0 und d | ||
| 020 | _a0812014553 | ||
| 041 | _aeng | ||
| 082 | _a158.1 PINP | ||
| 100 | _aPINCUS (Marilyn) | ||
| 245 | _aProjecting a positive image. | ||
| 260 |
_aUSA. _c1993 |
||
| 300 |
_avi,105 _bPB |
||
| 365 | _cRs | ||
| 650 | _aApplied Psychology | ||
| 906 | _aSelf Presentation InterpersonelCommunication Affirmation | ||
| 999 |
_c213563 _d213563 |
||